Menches, komogrammateus of Kerkeosiris : the doings and dealings of a village scribe in the late Ptolemaic period (120-110 B.C.). /

محفوظ في:

المؤلف الرئيسي: Verhoogt, A. M. F. W. (مؤلف)

التنسيق: كتاب

اللغة: English

منشور في: New York : Brill, 1998.

سلاسل: Papyrologica Lugduno-Batava ( Leyde ) ; 29.
P.L.Bat ; 29.

الموضوعات:

الوسوم: إضافة وسم

لا توجد وسوم, كن أول من يضع وسما على هذه التسجيلة!

رقم الطلب: PA3301 .P2 v.29

LEADER 01267nam a22003257a 4500
003 OSt
005 20250922082501.0
008 250922s1998 nyuaf b 001 0 eng d
010 |a 97035628 
020 |a 9004109269 
040 |c ARCE Library 
043 |a f-ua--- 
050 1 4 |a PA3301  |b .P2 v.29 
100 1 |a Verhoogt, A. M. F. W.  |q (Arthur M. F. W.),  |e author  |9 41631 
245 1 0 |a Menches, komogrammateus of Kerkeosiris :   |b the doings and dealings of a village scribe in the late Ptolemaic period (120-110 B.C.). /   |c by A.M.F.W. Verhoogt. 
264 1 |a New York :  |b Brill,  |c 1998. 
300 |a xiii, 242 p., vii p. of plates :   |b illustrations ;  |c 29 cm. 
490 1 |a Papyrologica Lugduno-Batava ( Leyde ) ;   |v 29. 
490 1 |a P.L.Bat ;   |v 29. 
504 |a Includes bibliographical references and index. 
600 1 0 |a Menches,  |c komogrammateus of Kerkeosiris.  |9 35814 
650 0 |a Local finance  |z Egypt  |x History  |v Sources. 
650 0 |a Local officials and employees  |z Egypt  |x History  |v Sources. 
650 0 |a Scribes  |z Egypt  |x History  |v Sources. 
651 0 |a Egypt  |x Politics and government  |y 332-30 B.C.  |x Sources. 
830 0 |a Papyrologica Lugduno-Batava ( Leyde ) ;   |v 29. 
830 0 |a P.L.Bat ;   |v 29. 
901 |a reviewed 
942 |c BK  |2 lcc 
999 |c 22251  |d 22251